खुद से कई सवाल : एक भारतीय फिल्म छात्र की नोटबुक (Record no. 30420)

MARC details
000 -LEADER
fixed length control field 00427nam a22001337a 4500
003 - CONTROL NUMBER IDENTIFIER
control field SGT
020 ## - INTERNATIONAL STANDARD BOOK NUMBER
International Standard Book Number 9788126730735
082 ## - DEWEY DECIMAL CLASSIFICATION NUMBER
Classification number 891.4309
Item number K17D
100 ## - MAIN ENTRY--PERSONAL NAME
Personal name दत्ता, अमित
245 ## - TITLE STATEMENT
Title खुद से कई सवाल : एक भारतीय फिल्म छात्र की नोटबुक
260 ## - PUBLICATION, DISTRIBUTION, ETC. (IMPRINT)
Name of publisher, distributor, etc राजकमल प्रकाशन
Year of Publication 2017
300 ## - PAGE DESCRIPTION
No. of Pages 161
942 ## - ADDED ENTRY ELEMENTS (KOHA)
Source of classification or shelving scheme Dewey Decimal Classification
Koha item type Books
Holdings
Withdrawn status Lost status Source of classification or shelving scheme Damaged status Not for loan Home library Current library Shelving location Date acquired SGTU Total Checkouts Full call number Accession No. (Barcode) Date last seen Bill Date Koha item type
    Dewey Decimal Classification   Not For Loan SGT Chancellor's Library SGT Chancellor's Library Reference Book 24/03/2025 SGTU   891.4309 K17D CH2753 24/03/2025 24/03/2025 Books